The ultimate spy book / H. Keith Melton ; ... Read More
Available copies
- 1 of 1 copy available at LARL/NWRL Consortium.
Current holds
0 current holds with 1 total copy.
Show Only Available Copies
| Location | Call Number / Copy Notes | Barcode | Shelving Location | Status | Due Date |
|---|---|---|---|---|---|
| Warroad Public Library | 327.12 MEL (Text) | 35500002562591 | Main | Available | - |
Record details
- ISBN: 0789404435
- Physical Description: 176 p. : ill. (some col.) ; 29 cm.
- Edition: 1st American ed.
- Publisher: New York : DK Pub. ; 1996.
Content descriptions
| General Note: | Includes index. |
Search for related items by subject
| Subject: | Espionage Intelligence service |
| LDR | 00937nam a2200253 a 4500 | ||
|---|---|---|---|
| 001 | 23741 | ||
| 003 | LARL_NWRL_CONSORTIUM | ||
| 005 | 19970225145717.0 | ||
| 008 | 950927s1996 nyua 001 0 eng | ||
| 010 | . | ‡a95044054 | |
| 020 | . | ‡a0789404435 | |
| 035 | 0 | 0. | ‡ilcmarc/ATW-5482/NWRLTECH |
| 040 | . | ‡aDLC ‡cDLC ‡dDLC | |
| 082 | 0 | 0. | ‡a327.12 ‡220 |
| 092 | . | ‡a327.12 ‡bMEL | |
| 100 | 1 | . | ‡aMelton, H. Keith ‡q(Harold Keith), ‡d1944- ‡0(LARL_NWRL_CONSORTIUM)102986 |
| 245 | 1 | 4. | ‡aThe ultimate spy book / ‡cH. Keith Melton ; forewords by William E. Colby and Oleg Kalugin. |
| 250 | . | ‡a1st American ed. | |
| 260 | . | ‡aNew York : ‡bDK Pub. ; ‡aBoston : ‡bDistributed by Houghton Mifflin Co., ‡c1996. | |
| 300 | . | ‡a176 p. : ‡bill. (some col.) ; ‡c29 cm. | |
| 500 | . | ‡aIncludes index. | |
| 650 | 0. | ‡aEspionage ‡0(LARL_NWRL_CONSORTIUM)19588 | |
| 650 | 0. | ‡aIntelligence service ‡0(LARL_NWRL_CONSORTIUM)23272 | |
| 901 | . | ‡a23741 ‡bISxN ‡c23741 ‡tbiblio | |

Add to basket
Permalink
Disable Highlighting